| 000 | 00819nam a2200301Ia 4500 | ||
|---|---|---|---|
| 008 | 170203s9999 xx 000 0 und d | ||
| 020 | _a0-439523265 | ||
| 050 | _aFic | ||
| 050 | _bM488w | ||
| 100 | _aMedearis, Angela Shelf. | ||
| 245 | _aWith friends like these, who needs enemies? / | ||
| 245 | _cby Angela Shelf Medearis ; illustrations by Robert Papp. | ||
| 260 | _aNew York : | ||
| 260 | _bScholastic, | ||
| 260 | _c2003 | ||
| 300 | _a153 pages : | ||
| 300 | _bsome illustrations ; | ||
| 300 | _c20 cm. | ||
| 440 | _aREAD180., | ||
| 440 | _vlevel 3., Stage A. | ||
| 500 | _a"An Apple paperback." | ||
| 650 | _aMoving, Household -- | ||
| 650 | _aMoving, Household -- | ||
| 650 | _aQuakers -- | ||
| 650 | _xFiction. | ||
| 650 | _xJuvenile fiction. | ||
| 650 | _xJuvenile fiction. | ||
| 999 |
_c306649 _d306649 |
||